000 00825nam a2200181Ia 4500
008 100921s9999 xx 000 0 und d
082 _b29373
_a618.97 थ 97
100 _aपोतदार शंकरराव.
245 _aवृद्धत्व समस्या आणि उपाय.
260 _bपॉप्युलर प्रकाशन, मुंबई.
_c1997
300 _a108
_bरसिक साहित्य,पुणे
365 _b75
520 _aतं.विज्ञान-वृद्धचिकित्सा.
630 _aवृद्धत्व समस्या आणि उपाय.
650 _aतं.विज्ञान-वृद्धचिकित्सा.
730 _aवृद्धत्व समस्या आणि उपाय.
942 _cBOOK
999 _c778486
_d778483